Things That Are Blue - Statistics

General Stats
  • This quiz has been taken 68 times
    30 since last reset
  • The average score is 8 of 16
Answer Stats
Picture Answer % Correct
Sky
100%
Blueberry
96%
Jeans
93%
Ocean
93%
Smurf
85%
Cookie Monster
70%
Neptune
67%
Blue Jay
48%
Blue Whale
44%
Lake
44%
Forget-Me-Not
11%
Saphire
11%
Blue Iris
4%
Hyacinth Macaw
4%
Indigo Bunting
4%
Blue Morpho Butterfly
0%
No matching quizzes found
Score Distribution
Percent of People with Each Score
Percentile by Number Answered
Your Score History
You have not taken this quiz since the last reset